Morir de celos y otras mitologías

保存先:
書誌詳細
第一著者: Zamora C., Álvaro
フォーマット: 図書
言語:Undetermined
出版事項: San José, Costa Rica Editorial de la Universidad de Costa Rica 2003
主題:
タグ: タグ追加
タグなし, このレコードへの初めてのタグを付けませんか!

MARC

LEADER 00000nam a2200000Ia 4500
008 170316s9999 xx 000 0 und d
999 |c 11653  |d 11653 
040 |a cru BVZT 
090 |a 868 Z-1.1m 
100 |a Zamora C., Álvaro 
245 |a Morir de celos y otras mitologías  |c / Álvaro Zamora C. 
260 |a San José, Costa Rica  |b Editorial de la Universidad de Costa Rica  |c 2003 
300 |a 101 páginas 
650 |a LITERATURA COSTARRICENSE  |9 17 
650 |a POESÍA  |9 18 
650 |a MITOLOGÍA EN LA LITERATURA 
942 |c 4 D  |h 868 Z-1.1m  |2 z